[Event "DVM U14 2020"]
[Site "Willingen GER"]
[Date "2021.06.24"]
[Round "2"]
[White "Kraftsik, Christian"]
[Black "Klein, Maxim"]
[Result "1-0"]
[Termination "normal"]
[Board "9.1"]
[WhiteElo "1797"]
[BlackElo "1436"]
[WhiteTeam "Schach-Club Vaterstetten-Grasbrunn"]
[BlackTeam "FC Ergolding 1932 e.V."]
[PlyCount "83"]
[WhiteFideId "16242548"]
[BlackFideId "16281632"]
[EventCountry "GER"]
[EventRounds "7"]
[EventType "team-swiss"]
[EventDate "2021.06.23"]

1. d4 e6 2. c4 d5 3. Nc3 Nf6 4. cxd5 exd5 5. Bg5 Be6 6. Qb3 b6 7. e3 Be7 8. Bd3
O-O 9. Qc2 Nbd7 10. Nge2 h6 11. Bh4 Nh5 12. Bxe7 Qxe7 13. O-O Nhf6 14. Nf4 c6
15. Nxe6 fxe6 16. Ne2 c5 17. b3 Kh8 18. Nf4 Qd6 19. Ng6+ Kg8 20. Nxf8 Ng4 21.
g3 Rxf8 22. Qe2 Ngf6 23. Rac1 Rc8 24. Rfe1 Kf7 25. dxc5 bxc5 26. e4 Ne5 27.
exd5 Nxd3 28. Qxd3 exd5 29. Re2 h5 30. Rce1 Rc7 31. Qf5 Kf8 32. Re6 Qd8 33. Qf4
Rd7 34. Rc6 d4 35. Rxc5 Qb6 36. Rc8+ Kf7 37. Rd1 d3 38. Qc4+ Qe6 39. Qxe6+ Kxe6
40. Rc3 d2 41. Rc2 Ne4 42. f3 1-0

[Event "DVM U14 2020"]
[Site "Willingen GER"]
[Date "2021.06.24"]
[Round "2"]
[White "Helmbrecht, Paul"]
[Black "Lerchl, Clemens"]
[Result "0-1"]
[Termination "normal"]
[Board "9.2"]
[WhiteElo "1531"]
[BlackElo "1711"]
[WhiteTeam "FC Ergolding 1932 e.V."]
[BlackTeam "Schach-Club Vaterstetten-Grasbrunn"]
[PlyCount "70"]
[WhiteFideId "16270932"]
[BlackFideId "16226372"]
[EventCountry "GER"]
[EventRounds "7"]
[EventType "team-swiss"]
[EventDate "2021.06.23"]

1. c4 Nf6 2. g3 g6 3. Bg2 Bg7 4. Nc3 O-O 5. d3 d6 6. e4 c5 7. Nge2 Nc6 8. O-O
a6 9. h3 Rb8 10. Be3 b5 11. Qc2 Nd7 12. Rad1 Nd4 13. Bxd4 cxd4 14. Nb1 bxc4 15.
dxc4 d3 16. Qxd3 Ne5 17. Qe3 Nxc4 18. Qc1 Nxb2 19. Rd2 Bd7 20. Nbc3 Nc4 21. Rc2
Ne5 22. Nd5 Bb5 23. Rd1 Ba4 24. f4 Bxc2 25. Qxc2 Rb2 26. Qxb2 Nf3+ 27. Bxf3
Bxb2 28. Rb1 Bf6 29. Rb7 e6 30. Nb6 Re8 31. e5 dxe5 32. Nd7 Bg7 33. Bc6 Qa5 34.
Kf2 Rc8 35. fxe5 h5 0-1

[Event "DVM U14 2020"]
[Site "Willingen GER"]
[Date "2021.06.24"]
[Round "2"]
[White "Popovici, Liviu-Daniel"]
[Black "Lichtinger, Simon"]
[Result "0-1"]
[Termination "normal"]
[Board "9.3"]
[WhiteElo "1505"]
[BlackElo "1401"]
[WhiteTeam "Schach-Club Vaterstetten-Grasbrunn"]
[BlackTeam "FC Ergolding 1932 e.V."]
[PlyCount "52"]
[WhiteFideId "1253689"]
[BlackFideId "16230442"]
[EventCountry "GER"]
[EventRounds "7"]
[EventType "team-swiss"]
[EventDate "2021.06.23"]

1. b4 e5 2. Bb2 d6 3. c4 Nf6 4. e3 Be7 5. Nc3 O-O 6. Be2 c6 7. Nf3 h6 8. Qc2
Qc7 9. O-O Rd8 10. Rac1 Be6 11. d4 Nbd7 12. Rfd1 Rac8 13. Rd2 Nf8 14. a3 exd4
15. exd4 d5 16. cxd5 Nxd5 17. Nxd5 Bxd5 18. Rdd1 Ng6 19. Bc4 Bxf3 20. gxf3 Nf4
21. Bf1 Rd5 22. Kh1 Rh5 23. h3 Nxh3 24. Bxh3 Rxh3+ 25. Kg1 Bg5 26. Rb1 Qh2+ 0-1

[Event "DVM U14 2020"]
[Site "Willingen GER"]
[Date "2021.06.24"]
[Round "2"]
[White "Huber, Laura"]
[Black "Lerchl, Justus"]
[Result "1-0"]
[Termination "normal"]
[Board "9.4"]
[WhiteElo "1249"]
[BlackElo "1467"]
[WhiteTeam "FC Ergolding 1932 e.V."]
[BlackTeam "Schach-Club Vaterstetten-Grasbrunn"]
[PlyCount "53"]
[WhiteFideId "16270940"]
[BlackFideId "16240677"]
[EventCountry "GER"]
[EventRounds "7"]
[EventType "team-swiss"]
[EventDate "2021.06.23"]

1. e4 c5 2. Nc3 d6 3. f4 a6 4. Nf3 g6 5. d4 cxd4 6. Qxd4 e5 7. fxe5 Bg7 8. Qxd6
Qxd6 9. exd6 Kd7 10. Ng5 Nh6 11. Bf4 f5 12. e5 Re8 13. e6+ Kc6 14. Bc4 Nd7 15.
O-O-O Ne5 16. Bd5+ Kc5 17. Be3+ Kxd6 18. Bxb7+ Ke7 19. Bxa8 Bxe6 20. Bc5+ Kf6
21. Nxh7+ Kf7 22. Ng5+ Kf6 23. Nxe6 Kxe6 24. Rd6+ Kf7 25. Bd5+ Kf8 26. Rd7+ Re7
27. Rd8# 1-0

[Event "DVM U14 2020"]
[Site "Willingen GER"]
[Date "2021.06.24"]
[Round "2"]
[White "Neumüller, Tim"]
[Black "Bock, Marlon"]
[Result "1/2-1/2"]
[Termination "normal"]
[Board "10.1"]
[WhiteElo "1519"]
[BlackElo "1654"]
[WhiteTeam "SV Weingarten"]
[BlackTeam "SSV Vimaria 91 Weimar"]
[PlyCount "69"]
[WhiteFideId "16299167"]
[BlackFideId "16244931"]
[EventCountry "GER"]
[EventRounds "7"]
[EventType "team-swiss"]
[EventDate "2021.06.23"]

1. e4 e5 2. Nf3 Nc6 3. Bc4 Bc5 4. Nc3 Nf6 5. d3 h6 6. a3 a5 7. Be3 Ba7 8. Bxa7
Rxa7 9. Nd5 d6 10. h3 Be6 11. O-O O-O 12. Re1 Nd4 13. c3 Nxf3+ 14. Qxf3 Nd7 15.
Ne3 c6 16. Rad1 b5 17. Bxe6 fxe6 18. Qg4 Qf6 19. f3 Qf7 20. d4 Nf6 21. Qg3 Nh5
22. Qg4 exd4 23. cxd4 Nf4 24. g3 Nh5 25. f4 Nf6 26. Qf3 d5 27. e5 Ne4 28. Rf1
Qg6 29. g4 Raf7 30. Ng2 Qh7 31. Qe3 h5 32. g5 h4 33. Rc1 Rc7 34. Qe1 Ng3 35.
Rf3 1/2-1/2

[Event "DVM U14 2020"]
[Site "Willingen GER"]
[Date "2021.06.24"]
[Round "2"]
[White "Günther, Arthur"]
[Black "Kern, Dominik"]
[Result "1-0"]
[Termination "normal"]
[Board "10.2"]
[WhiteElo "1573"]
[BlackElo "1349"]
[WhiteTeam "SSV Vimaria 91 Weimar"]
[BlackTeam "SV Weingarten"]
[PlyCount "53"]
[WhiteFideId "16230078"]
[BlackFideId "34605894"]
[EventCountry "GER"]
[EventRounds "7"]
[EventType "team-swiss"]
[EventDate "2021.06.23"]

1. d4 d5 2. Nf3 Nf6 3. e3 Nc6 4. c4 e6 5. Bd3 Bd6 6. c5 Be7 7. O-O O-O 8. Bd2
b6 9. cxb6 axb6 10. Ne5 Nxe5 11. dxe5 Nd7 12. f4 Nc5 13. Bc2 Bb7 14. Bb4 h6 15.
Nc3 Qd7 16. Qg4 Rfd8 17. Rad1 Na6 18. Bxe7 Qxe7 19. f5 Qc5 20. Rd4 Nb8 21. f6
g5 22. Qh5 Qf8 23. h4 Nc6 24. Rg4 Nxe5 25. Rxg5+ Kh8 26. Rg7 Ng6 27. Qxh6# 1-0

[Event "DVM U14 2020"]
[Site "Willingen GER"]
[Date "2021.06.24"]
[Round "2"]
[White "Dick, Fabian"]
[Black "Krömer, Emanuel"]
[Result "0-1"]
[Termination "normal"]
[Board "10.3"]
[WhiteElo "1220"]
[BlackElo "1388"]
[WhiteTeam "SV Weingarten"]
[BlackTeam "SSV Vimaria 91 Weimar"]
[PlyCount "58"]
[WhiteFideId "34605886"]
[BlackFideId "16287070"]
[EventCountry "GER"]
[EventRounds "7"]
[EventType "team-swiss"]
[EventDate "2021.06.23"]

1. f4 d5 2. Nf3 e6 3. d3 f5 4. Nc3 Nf6 5. e3 Bd6 6. h3 c5 7. Ne5 Bd7 8. g4 g6
9. Be2 d4 10. exd4 cxd4 11. Nb1 Qc7 12. g5 Nd5 13. Bh5 Bxe5 14. fxe5 Qxe5+ 15.
Be2 Qg3+ 16. Kf1 Bc6 17. Rg1 Qxh3+ 18. Kf2 Qh4+ 19. Rg3 f4 20. Bxf4 Nxf4 21.
Nd2 Qh2+ 22. Kf1 Qxg3 23. Ne4 Bxe4 24. dxe4 Nxe2 25. Kxe2 Qe3+ 26. Kf1 O-O+ 27.
Kg2 Rf2+ 28. Kg1 Qg3+ 29. Kh1 Rh2# 0-1

[Event "DVM U14 2020"]
[Site "Willingen GER"]
[Date "2021.06.24"]
[Round "2"]
[White "Stadelmann, Constantin"]
[Black "Bork, Miron"]
[Result "1-0"]
[Termination "normal"]
[Board "10.4"]
[WhiteElo "1277"]
[BlackElo "1113"]
[WhiteTeam "SSV Vimaria 91 Weimar"]
[BlackTeam "SV Weingarten"]
[PlyCount "53"]
[WhiteFideId "16297970"]
[BlackFideId "34605878"]
[EventCountry "GER"]
[EventRounds "7"]
[EventType "team-swiss"]
[EventDate "2021.06.23"]

1. d4 d5 2. Nf3 Nc6 3. c4 Nf6 4. e3 Bg4 5. Be2 e6 6. Nc3 b6 7. b3 Bd6 8. O-O
O-O 9. Bb2 Re8 10. Rc1 Na5 11. h3 Bh5 12. Qd2 Nb7 13. Bd3 Bxf3 14. gxf3 c6 15.
e4 Bc7 16. e5 Nh5 17. Kh2 f6 18. Ne2 Qb8 19. f4 fxe5 20. fxe5 Nf6 21. Rg1 Re7
22. Qh6 c5 23. Qxf6 Qe8 24. Nf4 cxd4 25. Bxd4 Kh8 26. Qh4 Qg8 27. Ng6# 1-0